భారత రాష్ట్రాలు: గోధుమలా బియ్యమా? - Statistics

General Stats
  • This quiz has been taken 2 times
  • The average score is 21 of 26
Answer Stats
Hint Answer % Correct
గుజరాత్ రొట్టె
100%
హర్యానా రొట్టె
100%
ఉత్తరాఖండ్ రొట్టె
100%
ఉత్తర ప్రదేశ్ రొట్టె
100%
కేరళం బియ్యం
100%
మేఘాలయ బియ్యం
100%
గోవా బియ్యం
100%
పంజాబ్ రొట్టె
100%
మిజోరాం బియ్యం
100%
అసాం బియ్యం
100%
త్రిపుర బియ్యం
100%
కర్ణాటక బియ్యం
100%
రాజస్థాన్ రొట్టె
100%
ఒడిషా బియ్యం
100%
మణిపుర్ బియ్యం
100%
హిమాచల ప్రదేశ్ రొట్టె
100%
తమిళనాడు బియ్యం
100%
అరుణాచల్ ప్రదేశ్ బియ్యం
50%
సిక్కిం బియ్యం
50%
ఛత్తీస్గఢ్ బియ్యం
50%
పశ్చిమ బంగా బియ్యం
50%
మహారాష్ట్ర రొట్టె
50%
నాగాలాండ్ బియ్యం
50%
బిహార్ బియ్యం
50%
మధ్య ప్రదేశ్ రొట్టె
0%
ఝార్ఖండ్ బియ్యం
0%
No matching quizzes found
Score Distribution
Percent of People with Each Score
Percentile by Number Answered
Your Score History
You have not taken this quiz